| 000 | 01344nam a2200265Ia 4500 | ||
|---|---|---|---|
| 003 | OSt | ||
| 005 | 20200803120632.0 | ||
| 008 | 191128s2006 xx fr 000 0 spa d | ||
| 020 | _a9587100743 | ||
| 040 |
_aCO-JMCR _cCO-JMCR |
||
| 041 | 0 | _aspa | |
| 082 | 0 | 4 |
_a342.11 / _bR436c _223 |
| 100 | 1 |
_aRestrepo Piedrahita, Carlos, _ecompilador _9442 |
|
| 245 | 1 | 0 |
_aControl de constitucionalidad : _bColombia y República de Nueva Granada, 1821-1860 / _ccompilador Carlos Restrepo Piedrahita |
| 250 | _aPrimera edición | ||
| 260 |
_aBogotá : _bUniversidad Externado de Colombia, _c2006 |
||
| 300 |
_a459 páginas ; _c24 cm. |
||
| 504 | _aIncluye bibliografía. | ||
| 505 | 0 | _aControl Constitucional 1821-1830 -- Control constitucional 1830-1832 -- Control constitucional 1832-1843 -- Control constitucional 1843 -1853 -- Control constitucional 1853-1858 -- Control constitucional 1858-1860 | |
| 520 | 3 | _aLa documentación que contiene este primer tomo del control constitucional en la primera mitad del siglo XIX proviene de los varios tomos de la Gaceta oficial. El lector podrá seguir el curso sucesivo de la documentación desde 1822 hasta 1860. | |
| 650 | 1 | 4 |
_aControl de constitucionalidad _zColombia _98135 |
| 650 | 1 | 4 |
_aDerecho constitucional _zColombia _98125 |
| 650 | 1 | 4 |
_aHistoria constitucional _zColombia _98238 |
| 942 |
_2ddc _cBK |
||
| 999 |
_c3843 _d3843 |
||